000
00292nam a2200133Ia 4500
008
230312s9999||||xx |||||||||||||| ||und||
082
_a
658.330
_b
KHA-E
100
_a
Ahsan Khan
245
0
_a
Managerial Economics
260
_b
HEC
_c
2017
300
_a
527
650
_a
Economics
942
_c
BK
999
_c
1234
_d
1234